Statistics for Yume Nikki Worlds

Click here to take the quiz!

General Stats

  • This quiz has been taken 20 times
  • The average score is 7 of 12

Answer Stats

Worlds% Correct
Snow World
90%
Forest World
80%
Number World
80%
Block World
60%
Dark World
60%
Puddle World
60%
Candle World
50%
Eyeball World
50%
Mural World
40%
Shield-folk World
40%
Graffiti World
30%
Neon World
30%

Score Distribution

Percentile by Number Answered

Percent of People with Each Score

Your Score History

You have not taken this quiz